[Event "Bad Zwesten op 6th"]
[Site "Bad Zwesten"]
[Date "2002.01.04"]
[Round "1"]
[White "Emami, Madjid"]
[Black "Hommel, Joerg"]
[Result "1-0"]
[WhiteElo "2096"]
[BlackElo "1453"]
[PlyCount "55"]
[EventDate "2002.01.04"]
[EventType "swiss"]
[EventRounds "9"]
[EventCountry "GER"]
[SourceTitle "CBM 086 Extra"]
[Source "ChessBase"]
[SourceDate "2002.03.14"]
[SourceVersion "1"]
[SourceVersionDate "2002.03.14"]
[SourceQuality "1"]

1. Nf3 c5 2. g3 b6 3. Bg2 Bb7 4. 0-0 Nf6 5. d3 d5 6. Nbd2 e6 7. Re1 Be7 8. c3 0-0 9. Qc2 Nbd7 10. e4 dxe4 11. dxe4 Qc7 12. a4 Rad8 13. h4 h6 14. Nc4 Bxe4 15. Rxe4 Nxe4 16. Qxe4 Nf6 17. Qe2 Ng4 18. Bf4 Qd7 19. Nfe5 Nxe5 20. Nxe5 Qc8 21. Qg4 Kh8 22. Be4 Bf6 23. Qh5 Bxe5 24. Bxe5 f6 25. Qg6 Kg8 26. Qh7+ Kf7 27. Bg6+ Ke7 28. Qxg7+ 1-0

[Event "Bad Zwesten op 4th"]
[Site "Bad Zwesten"]
[Date "2000.01.18"]
[Round "8"]
[White "Hommel, Joerg"]
[Black "Euler, Klaus"]
[Result "0-1"]
[WhiteElo "1502"]
[BlackElo "1649"]
[PlyCount "130"]
[EventDate "2000.01.??"]
[EventType "swiss"]
[EventRounds "9"]
[EventCountry "GER"]
[SourceTitle "EXT 2001"]
[Source "ChessBase"]
[SourceDate "2000.11.22"]
[SourceVersion "1"]
[SourceVersionDate "2000.11.22"]
[SourceQuality "1"]

1. d4 Nf6 2. c4 e6 3. Nc3 b6 4. Bg5 Be7 5. Nf3 Bb7 6. e3 c5 7. d5 exd5 8. cxd5 d6 9. e4 a6 10. a4 Nbd7 11. Bc4 0-0 12. 0-0 Ne5 13. Nxe5 dxe5 14. Qe2 Ne8 15. Bxe7 Qxe7 16. Rfd1 Nd6 17. Rf1 g6 18. Rab1 a5 19. Nb5 Nxb5 20. Bxb5 Qd6 21. Qd3 f6 22. b3 Rf7 23. Rb2 Raf8 24. f3 f5 25. Rbf2 Rf6 26. Bc4 f4 27. g3 Bc8 28. g4 g5 29. h3 Rh6 30. Rh2 Rh4 31. Ba6 Bd7 32. Bb5 h5 33. Rff2 Kg7 34. Rd2 hxg4 35. hxg4 Rfh8 36. Rxh4 Rxh4 37. Rh2 Rxh2 38. Kxh2 Qh6+ 39. Kg2 Qd6 40. Bxd7 Qxd7 41. d6 Kf6 42. Qd5 b5 43. Qxc5 bxa4 44. bxa4 Ke6 45. Qd5+ Kf6 46. Qxa5 Qxd6 47. Qd5 Qa6 48. Qd8+ Ke6 49. Qg8+ Kd7 50. Qd5+ Kc8 51. Qg8+ Kb7 52. Qb3+ Ka7 53. Kf2 Qd6 54. Ke2 Qd4 55. Qf7+ Kb6 56. Qb3+ Ka7 57. a5 Qc5 58. Qf7+ Ka6 59. Qe6+ Kxa5 60. Qd5 Kb4 61. Qd2+ Qc3 62. Qd6+ Kb3 63. Qd5+ Kb2 64. Qb5+ Kc1 65. Qd3 Qc2+ 0-1

[Event "Bad Zwesten op 4th"]
[Site "Bad Zwesten"]
[Date "2000.01.13"]
[Round "6"]
[White "Jacob, Konrad"]
[Black "Hommel, Joerg"]
[Result "1-0"]
[WhiteElo "2051"]
[BlackElo "1502"]
[PlyCount "41"]
[EventDate "2000.01.??"]
[EventType "swiss"]
[EventRounds "9"]
[EventCountry "GER"]
[SourceTitle "EXT 2001"]
[Source "ChessBase"]
[SourceDate "2000.11.22"]
[SourceVersion "1"]
[SourceVersionDate "2000.11.22"]
[SourceQuality "1"]

1. e4 c5 2. Nf3 Nc6 3. d4 cxd4 4. c3 e6 5. Bc4 dxc3 6. Nxc3 Bb4 7. Bd2 a6 8. a3 Be7 9. 0-0 b5 10. Bb3 d6 11. Rc1 Bb7 12. Qe2 Nf6 13. Rfd1 0-0 14. Bg5 Ne8 15. Bf4 Qc7 16. Nd5 Qd8 17. Ne3 Na5 18. Bc2 Qb6 19. e5 d5 20. Qd3 Nc4 21. Qxh7# 1-0

[Event "Bad Zwesten op 4th"]
[Site "Bad Zwesten"]
[Date "2000.01.03"]
[Round "2"]
[White "Bravo Lutz, Sebastian"]
[Black "Hommel, Joerg"]
[Result "1-0"]
[WhiteElo "1924"]
[BlackElo "1502"]
[PlyCount "93"]
[EventDate "2000.01.??"]
[EventType "swiss"]
[EventRounds "9"]
[EventCountry "GER"]
[SourceTitle "EXT 2001"]
[Source "ChessBase"]
[SourceDate "2000.11.22"]
[SourceVersion "1"]
[SourceVersionDate "2000.11.22"]
[SourceQuality "1"]

1. e4 c5 2. Nf3 e6 3. d3 d6 4. g3 Nc6 5. Bg2 Nf6 6. 0-0 Be7 7. Nbd2 0-0 8. a4 Rb8 9. Ne1 b6 10. f4 Bb7 11. c3 Qc7 12. g4 Nd7 13. Ndf3 g6 14. f5 exf5 15. gxf5 Nce5 16. Nxe5 dxe5 17. Bh6 Rfd8 18. fxg6 hxg6 19. Nf3 Nf6 20. Qe2 Ba6 21. c4 Nh7 22. Qf2 Bf8 23. Bxf8 Rxf8 24. Qg3 Rbe8 25. Ng5 Nxg5 26. Qxg5 Qd6 27. Rf3 Bc8 28. Kh1 Kg7 29. Raf1 Qe7 30. Qe3 Be6 31. Bh3 Bxh3 32. Rxh3 Rh8 33. Rhf3 Ref8 34. Qf2 Rh5 35. Qg2 Qh4 36. h3 Rg5 37. Qf2 Qxf2 38. R1xf2 Rh5 39. Kg2 f6 40. Rf1 g5 41. a5 Rh6 42. axb6 axb6 43. Ra1 Rfh8 44. Ra7+ Kg6 45. Rb7 g4 46. Rg3 Rxh3 47. Rxg4+ 1-0